[Event "World Women-ch k.o."]
[Site "Antakya"]
[Date "2010.12.07"]
[Round "2.1"]
[White "Zhao, Xue"]
[Black "Chiburdanidze, Maia"]
[Result "1-0"]
[WhiteElo "2474"]
[BlackElo "2502"]
[Annotator "Mikhalchishin,A"]
[PlyCount "79"]
[EventDate "2010.12.04"]
[EventType "k.o."]
[EventRounds "6"]
[EventCountry "TUR"]
[SourceTitle "CBM 140"]
[Source "ChessBase"]
[SourceDate "2011.01.18"]
[SourceVersion "1"]
[SourceVersionDate "2011.01.18"]
[SourceQuality "1"]

1. d4 Nf6 2. c4 e6 3. Nc3 Bb4 4. Qc2 O-O 5. e4 {The most aggressive setup in
such a positional opening, it was extremely popular a few years ago, but since
then Black has found ways to stop White's initiative. Especially valuable and
important here are the games of the great Alexander Beliavsky (4 times Soviet
Champion!), who has played it with both colours.} d5 ({Maia's style would
usually be a safe defensive way of development} 5... d6 6. Bg5 ({More risky,
but maybe more dangerous for Black is} 6. a3 Bxc3+ 7. bxc3 e5 8. Bd3 c5 9. d5 (
9. Ne2 Nc6 10. d5 Ne7 (10... Na5 11. O-O b6 12. f4 Ba6 13. fxe5 dxe5 14. Bg5
Bxc4 15. Ng3 $40) 11. O-O (11. f3) 11... Ng6 $132) 9... Nbd7 10. Ne2 Nh5 (10...
h6) (10... Re8) 11. O-O Qh4 12. g3 Qe7 13. f3 (13. g4 $6 Nhf6 14. Ng3 Nxg4 15.
Nf5 Qf6 16. h4 Kh8 17. Be2 Qg6 18. Kh1 $44) 13... g6 14. Bh6 Ng7 15. Rae1 (15.
g4 $5 f6 16. Ng3 Rf7 17. Qd2 b6 18. Kh1 Nf8 19. Rg1 $14) 15... f6 16. f4 Rf7 (
16... exf4 17. gxf4 Rf7 18. Ng3 Nf8 19. e5 $1 fxe5 20. Bg5 $16) 17. f5 Nf8 18.
g4 a6 (18... g5 19. Kg2 Bd7 20. h4 gxh4 21. Rh1 $16) 19. a4 b6 20. Ng3 Bd7 21.
Ra1 $16 ({or even immediately} 21. h4 $16 {Beliavsky-Miroshnichenko,Austria
2010})) 6... Nbd7 7. Nf3 e5) 6. e5 Ne4 7. Bd3 ({In the game between two World
Champions we saw} 7. a3 Bxc3+ 8. bxc3 c5 9. Bd3 cxd4 10. cxd4 Qa5+ 11. Kf1 f6
12. cxd5 exd5 13. exf6 Nxf6 14. Nf3 Nc6 15. Bd2 Qd8 16. h3 Ne4 17. Bxe4 dxe4
18. Qxe4 Bf5 19. Qe3 Qd5 20. Re1 Rf6 21. Bc3 Raf8 22. Kg1 Bg6 {and White had
to fight for a draw, Zhu Chen-Hou Yifan, Antakya 2010.}) 7... c5 8. Nf3 ({
Here White sometimes develops this knight in a slightly more defensive way:} 8.
Nge2 Nc6 9. O-O $1 (9. cxd5 exd5 10. O-O cxd4 11. Nxd5 Qxd5 (11... Nxf2 $5 12.
Bxh7+ Kh8 13. Nxb4 Nxb4 14. Qc5 (14. Qb3 Nh3+ $1 15. gxh3 d3 16. Bxd3 Nxd3 17.
Rd1 Bf5 18. Be3 Be4 $44) 14... Nfd3 15. Bxd3 Nxd3 16. Qxd4 Qxd4+ 17. Nxd4 Nxe5
$11) 12. Bxe4 Qxe5 13. Bxh7+ (13. a3 Ba5 14. Bxh7+ Kh8 15. Bd3 Bg4 16. Bf4 (16.
f3) 16... Qf6 17. f3 Be6 18. Qc5 $14) 13... Kh8 14. Bf4 Qf6 (14... Qh5 $2 15.
Be4 Be6 16. Bxc6 bxc6 17. Nxd4 Bd5 18. Bg3 f5 19. f3 $16) 15. Be4 Bg4 (15...
Re8 $5) 16. f3 (16. Bg3) 16... Bh5 $146 (16... Bd7) (16... Be6) 17. Qc4 (17.
Rad1 $5 $14) 17... Rfe8 18. Bg3 (18. Bxc6 bxc6 19. Nxd4 Ba5 20. Bg3 Bb6 21. Bf2
$14) 18... Bg6 19. Nf4 $2 (19. Bxg6 fxg6 20. Rad1 Rad8 21. Bf2 d3 $140 22. Rxd3
Rxd3 23. Qxd3 Qxb2 24. Nf4 $16) 19... Bxe4 20. fxe4 Rxe4 21. Nd5 $2 (21. Nd3
Qe6 22. Qb5 Qe7 23. Nxb4 Nxb4 24. Rae1 $44) 21... Qe6 22. Qb5 a6 $1 23. Qxb7
Ra7 $17 24. Qb6 Qxd5 25. Rac1 Re2 26. Bf2 Bc3 $1 (26... Rxb2 27. Rxc6 Re7 28.
Qxa6 Qe4 $15) 27. bxc3 d3 {Sanikidze-Beliavsky, Budva 2009. with a very
dangerous passed pawn.}) 9... cxd4 10. Nxe4 (10. cxd5) 10... dxe4 11. Bxe4 Nxe5
12. Bxh7+ Kh8 13. Bd3 Bc5 14. Nf4 Bd6 15. Qe2 Nxd3 16. Nxd3 Bd7 17. b3 (17. Bf4
Bxf4 18. Nxf4 Qg5 19. Nd3 Bc6 20. f4 Qf5 21. Rad1 Rad8 22. Ne5 $14) 17... Bc6
18. Bb2 Qf6 19. f4 Rad8 20. Rad1 Kg8 21. Qf2 Bc7 22. Rfe1 Bb6 23. Ne5 Ba5 24.
Rf1 ({It was possible to sacrifice the exchange} 24. Bxd4 $1 Bxe1 25. Rxe1 Qf5
26. Bxa7 $16) 24... Bc3 25. Qc2 (25. Ba3 Rfe8 26. Bc5 d3 27. Bxa7 Qf5 $44)
25... Qf5 26. Qc1 Bxb2 27. Qxb2 d3 28. Qf2 Be4 $13 {Beliavsky,A -Nemeth,M ,
Hungary team,2009}) (8. cxd5 {or}) 8... cxd4 9. Nxd4 Nd7 10. Bf4 Qh4 (10...
Ndc5 {is much more common and simply better. The games of the top players
confirm this evaluation, that Black holds the position, despite some small
problems. Here is an example from Kasimdzhanov's practice:} 11. O-O Nxd3 12.
Qxd3 Nxc3 (12... Bxc3 13. bxc3 b6 14. cxd5 Qxd5 15. Rfd1 Bb7 16. c4 Qa5 17. Nb5
Bc6 18. a4 Qb4 19. Be3 Rfc8 20. Rdb1 Qe7 21. Nd6 Nxd6 22. exd6 Qb7 23. f3 e5
24. Qd2 e4 25. f4 {White kept the initiative thanks to the strong passed pawn
in Efimenko-Kasimdzanov.}) 13. bxc3 Be7 14. Rfd1 (14. Rad1) (14. Qg3) 14... Qa5
15. cxd5 (15. Qg3 $142 Kh8 16. cxd5 (16. Nb3) 16... exd5 17. Bg5 $14) 15...
exd5 16. Nb3 (16. Qg3 $5) 16... Qa4 17. Qg3 Qe4 18. Bg5 (18. f3 Qg6 19. Qxg6
hxg6 20. Rxd5 Be6 21. Rd3 Rac8 $44) 18... Bxg5 19. Qxg5 Re8 20. Re1 Qg6 21. Qd2
(21. Qxg6 hxg6 22. Rad1 Be6 23. Nd4 Rec8 24. Rb1 b6 $15) 21... Be6 22. Re3 Rac8
23. Nd4 Bd7 24. f4 b5 25. Rae1 $14 {Gordon,S -Beliavsky,A ,Gibraltar 2009}) 11.
g3 Qh3 (11... Qh5 {Krasenkow: 'gave Black a satisfactory position in the
following game but his opponent didn't play in the best manner:'} 12. O-O ({
Of course, the materialistic approach has to be considered and tested more in
practice} 12. Bxe4 dxe4 13. Qxe4 Bxc3+ 14. bxc3 Nc5 15. Qe2 Qg6 16. Rd1 Bd7 17.
f3 $6 (17. O-O $142) 17... Ba4 18. Ra1 Rac8 19. O-O Qd3 20. Rab1 b6 21. Bg5
Qxe2 22. Nxe2 Nd3 $15 {1/2-1/2 Krush,I-Friedel,J/Berkeley 2008}) 12... g5 ({
Another interesting possibility has to be tested} 12... Bc5 13. Bxe4 Bxd4 14.
cxd5 Nxe5 15. Bxe5 Bxe5 16. Rad1 {with better development for White.}) 13. cxd5
gxf4 14. Bxe4 ({There is the very interesting and sharp} 14. dxe6 fxg3 15. hxg3
Ng5 16. Be2 Nh3+ 17. Kg2 Qxe5 18. exd7 Bxd7 19. Qe4) 14... Nxe5 15. dxe6 fxe6
16. f3 Nc4 17. Qb3 Qc5 18. Rf2 Ba5 $2 ({It was much better try to exploit
unpleasant pin} 18... Na5 19. Qd1 Rd8 20. Nce2 Qb6) 19. Nce2 Nd2 20. Bxh7+ Kxh7
21. Qd3+ {and here} Kh6 {looked dangerous, but it is not easy for White to
attack.}) 12. O-O-O (12. cxd5 exd5 13. f3 Nxc3 14. bxc3 Bc5 {doesn't look
dangerous for Black, e.g.} 15. Bf5 Qh5 16. Bg4 Qg6) 12... Nxc3 (12... Bxc3 13.
bxc3 Nb6 14. Nf3 Qh5 15. Be2 f6 16. Ng5 Qg6 17. Nxe4 dxe4 18. exf6 Qxf6 19.
Qxe4 Qxc3+ 20. Qc2 Qa1+ 21. Qb1 Qf6 22. Qb2 Qf7 {Krush,I-Koneru,H, Moscow 2010.
} {and here it was necessary to play} 23. Bd6 {and Black's bad development
allows us to evaluate the position as clearly better for White.}) 13. bxc3 Ba3+
14. Kb1 Nb6 15. Bf1 Qh5 16. Be2 Qh3 $2 (16... Qg6 17. Bd3 Qh5 {happened in
Kasimdzasnov-Bacrot, Nalchik 2009, with repetition. It is the best way for
Black.}) 17. Nf3 dxc4 ({I like more another capture, which at least tries to
bring the knight closer to the kingside:} 17... Nxc4 18. Ng5 Qh6 19. h4 Be7 20.
Ka1 Na3 $6 (20... b5 {would be slightly better:} 21. Bd3) 21. Qc1 Bd7 22. h5
Nc2+ 23. Kb1 Na3+ 24. Kb2 Bb5 25. Bxb5 Nxb5 26. Ka1 g6 27. hxg6 Qxg6 28. Nxh7
Rfc8 29. Rh6 Qe4 30. Ng5 Qc4 31. Rdh1 d4 32. Ne4 Nxc3 33. Qc2 d3 34. Nf6+ Kf8
35. Rh8+ Kg7 36. R1h7+ Kg6 37. Rh6+ Kg7 38. Nh5# {1-0 Ganguly,S (2634)-Meier,G
(2664)/Paks 2009/CBM 133}) 18. Nh4 Nd5 19. Rd4 $1 (19. Bf1 $2 {was wrong now:}
Qg4 20. h3 Qxd1+ 21. Qxd1 Nxc3+) 19... Be7 $1 ({Another losing try was} 19...
Bc5 20. Rxc4 b5 21. Rxc5 Nxf4 22. Qe4 Bb7 23. Qxb7 Nxe2 24. Qe4 g5 25. Nf3 Qg2
26. Re1) 20. Bg5 $1 {White continues her attempts to trap the queen, but
things are not so simple.} Bxg5 21. Bg4 Qxg4 22. Rxg4 Be7 23. Rxc4 b5 24. Rd4
Bb7 25. Rhd1 Rfc8 {Black has just two pieces for the queen, the compensation
looks to be not so brilliant. But the pieces are very well placed plus White's
king is not so safe. All these factors force Zhao to simplify the position
with some positional sacrifices.} 26. Rxd5 Bxd5 27. Nf5 Bf8 (27... Bc5 $142 {
[%cal Gc5e3]}) 28. Ne3 Bf3 29. Rd4 Rc5 ({Maybe it was better to concentrate on
an attack on the queenside} 29... b4 30. c4 a5) 30. Qd2 $1 {White desperately
needs exchanges and for this reason is continuing to give up material.} Rxe5 ({
Or} 30... Rac8 31. Kb2 Rxe5 32. Rd8 Rxd8 33. Qxd8 {with a similar position.
Sooner or later White will consolidate her position, despite Black's
counterplay.}) 31. Rd8 a5 32. Rxa8 Bxa8 33. Qd8 Be4+ 34. Kb2 a4 $2 ({The
correct prophylactic move order} 34... Rh5 35. h4 a4 {maintained equality.}) ({
Another option} 34... b4 35. cxb4 Rb5 36. a3 axb4 37. a4 Rc5 38. a5 {left
White with a strong passed pawn.}) 35. Qd4 {Now Black loses a piece and the
game.} a3+ 36. Kc1 f6 37. f4 Bc5 38. Qd8+ Kf7 39. Qd7+ Kg6 (39... Kf8 40. fxe5
Bxe3+ 41. Kd1 Bf5 42. exf6 gxf6 43. Qxb5 {it would be not possible to hold for
long.}) 40. Qe8+ 1-0

[Event "EU-ch (Women) 19th"]
[Site "Stary Smokovec"]
[Date "2018.04.12"]
[Round "5"]
[White "Ushenina, Anna"]
[Black "Dzagnidze, Nana"]
[Result "1-0"]
[WhiteElo "2422"]
[BlackElo "2507"]
[Annotator "Mikhalchishin,A"]
[PlyCount "65"]
[EventDate "2018.04.08"]
[EventType "swiss"]
[EventRounds "11"]
[EventCountry "SVK"]
[SourceTitle "CBM 184"]
[Source "ChessBase"]
[SourceDate "2018.05.16"]
[SourceVersion "1"]
[SourceVersionDate "2018.05.16"]
[SourceQuality "1"]

1. d4 Nf6 2. c4 e6 3. Nc3 Bb4 4. Qc2 O-O 5. e4 d6 {Quite a popular positional
setup, but from my point of view a more correct one was the principled} (5...
d5 {But Dzagnidze wanted to avoid it, as Ushenina played it in the match
against Hou Yifan.}) 6. a3 {Here there are a few moves, the most sharp plan
starts with} (6. e5 $5) 6... Bxc3+ 7. bxc3 e5 8. Bd3 Nc6 ({Another line is} 
8... c5 9. Ne2 Nc6 10. d5 (10. O-O exd4 11. cxd4 cxd4 12. Bg5 h6 13. Bh4 Ne5
14. Nxd4 Ng6 15. Bg3 Nh5 16. Rad1 a6 17. Rfe1 Nxg3 18. hxg3 Bd7 {Ivanisevic,I 
(2457)-Barlov,D (2471) Belgrade 1999, with small edge.}) 10... Ne7 11. f3 Nd7
12. h4 Nb6 13. g4 f6 14. Ng3 Kf7 15. g5 Ng8 16. f4 Ke8 17. f5 Qe7 18. Qg2 {
Capablanca,J-Ragozin,V Moscow (Russia) 1935, with an attack.}) 9. Ne2 b6 10.
O-O Nd7 11. f4 Ba6 12. Rf3 ({GM Golod proposes that White has a clear
advantage after the simple} 12. Be3 Na5 13. c5 $1 {destroying the pawn
structure:} Bc4 (13... Bxd3 14. Qxd3 exd4 15. cxd4 $16 bxc5 (15... dxc5 16. d5
$16) 16. dxc5 Nxc5 17. Bxc5 dxc5 18. Qc3 c6 19. Rab1 Re8 20. Rfd1 Qc7 21. Ng3
$16 {[%csl Ra5,Ye4,Yf4]}) 14. cxd6 cxd6 15. Ng3 {Short,N (2660)-Karpov,A (2745)
Dortmund 1997, with a developing attack.}) 12... Na5 13. Ng3 {Here White has
tested a few interesting ways:} (13. fxe5 dxe5 14. Ng3 Bxc4 15. Nf5 Kh8 16. Rh3
Bxd3 17. Qxd3 Nb3 18. Qg3 Qf6 19. Bg5 Qg6 20. Ne7 Qxe4 21. Re1 Qc2 22. dxe5
Rae8 23. Qh4 Ndc5 24. Rf1 Ne6 {1-0 (24) Eljanov,P (2742)-Carlsen,M (2802)
Moscow 2010}) (13. c5 $5 Bxd3 14. Rxd3 bxc5 (14... Qh4 {Ftacnik} 15. Bd2 Qg4
16. Re1 Nc4 17. Rg3 $14) 15. dxe5 c4 $1) 13... Bxc4 14. Bxc4 Nxc4 15. Nf5 g6 $2
{A mistake in a critical position for the whole variation.} ({The correct
defensive setup was} 15... Kh8 $1 16. Rh3 g6 17. Qe2 b5 18. fxe5 dxe5 19. Qg4
Nf6 20. Qh4 Nh5 21. Bg5 f6 22. Bh6 Rf7 23. Rf1 Qg8 24. Ne3 Re8 {1/2 (24)
Horvath,J (2500)-Medvegy,Z (2547) Hungary 2014}) 16. Nh6+ Kg7 17. f5 {Now the
attack becomes dangerous.} f6 $2 ({A better chance was desperately trying to
create counterplay with} 17... Qh4 18. Rg3 d5 $16) 18. fxg6 hxg6 19. Rg3 Rh8
20. Qe2 Rxh6 (20... b5 {was simply bad:} 21. Qh5 Nf8 22. Nf5+ $18) 21. Bxh6+
Kxh6 22. Qxc4 Kg7 23. Rf1 Rc8 24. dxe5 (24. h4 {was a simplistic approach:} Qe7
25. h5 g5 26. Qc6 $18) 24... Nxe5 25. Qe6 Rb8 26. h4 $1 {This addition to the
attack decides.} Qf8 27. h5 Re8 ({What to do?} 27... g5 {doesn't work either:}
28. h6+ Kg6 29. Qf5+ $18) 28. Qf5 Qf7 ({Black could prolong the agony a bit:} 
28... g5 29. Rxg5+ fxg5 30. Qxg5+ Kh7 31. Rxf8 Rxf8 32. Kh2 a5 33. Kh3 a4 34.
Qe7+ Rf7 35. Qe6 Rg7 36. Qf5+ Kh6 37. Qf6+ Kh7 38. h6 $18) 29. Rf4 ({Or} 29.
hxg6 Qe7 30. Rh3 $18) 29... g5 30. Rxg5+ Kh6 31. Rg3 Rf8 32. Rh4 Qd7 33. Qg6+
1-0

[Event "Gibraltar Masters 11th"]
[Site "Caleta"]
[Date "2013.01.30"]
[Round "9"]
[White "Dzagnidze, Nana"]
[Black "Georgiev, Kiril"]
[Result "0-1"]
[WhiteElo "2555"]
[BlackElo "2643"]
[Annotator "Mikhalchishin,A"]
[PlyCount "56"]
[EventDate "2013.01.22"]
[EventType "swiss"]
[EventRounds "10"]
[EventCountry "GGB"]
[SourceTitle "CBM 153"]
[Source "ChessBase"]
[SourceDate "2013.03.14"]
[SourceVersion "1"]
[SourceVersionDate "2013.03.14"]
[SourceQuality "1"]

1. d4 Nf6 2. c4 e6 3. Nc3 Bb4 4. Qc2 O-O 5. a3 Bxc3+ 6. Qxc3 d6 7. Bg5 Nbd7 8.
e3 b6 9. Ne2 c5 10. Rd1 {More usual is the direct extraction of the plan - the
transfer of the knight to c3:} (10. Qc2 Bb7 11. dxc5 $5 ({The usual move is} 
11. Rd1 Qc7 12. Nc3 cxd4 (12... a6 13. Qd2 $5 (13. d5) 13... d5 14. cxd5 Nxd5
15. Nxd5 Bxd5 16. f3 Bc6 17. dxc5 Nxc5 18. b4 Na4 19. Rc1 $16) 13. Rxd4 a6 14.
Be2 h6 15. Bh4 Bxg2 $146 (15... d5) 16. Rg1 Bh3 (16... Bb7 17. Qd2 d5 18. Bg3
Qc5 19. cxd5 exd5 20. Rh4 $44) 17. Ne4 Nxe4 18. Qxe4 Bf5 $2 (18... Ne5 $1 19.
Bf6 Ng6 20. Qf3 gxf6 ({b)} 20... e5 21. Rh4 Be6 22. Qh5 $40 Rfe8 23. Bd3) 21.
Qxh3 Kh7 22. Bd3 f5 $1) 19. Qg2 Bg6 (19... g5 20. Bxg5 hxg5 21. Qxg5+ Bg6 22.
Qh6 Nf6 23. Rh4 $18) 20. Be7 $16 d5 (20... Rfe8 21. Bxd6 Qc8 22. h4 $18) 21.
Bxf8 Nxf8 22. h4 Qe5 23. Qg3 $1 Qf6 24. h5 Bf5 25. Qc7 b5 26. Qc6 $1 $18 {
1-0 Morozevich,A (2755)-Beliavsky,A (2646)/Hersonissos 2007}) 11... Nxc5 12.
Nc3 Rc8 13. Rd1 d5 (13... Nce4 14. Nxe4 Bxe4) 14. cxd5 exd5 15. Bd3 h6 16. Bh4
Nxd3+ 17. Qxd3 g5 18. Bg3 d4 19. Qf5 Re8 20. Be5 {Navara,D (2719)-Gelashvili,T
(2575)/Ermioni GRE 2006; with advantage.}) 10... Qc7 ({Possible is first} 10...
h6 11. Bh4 Qc7 12. Qc2 Ba6 13. Qa4 Qb7 14. Nc3 cxd4 15. Rxd4 d5 16. Bxf6 Nxf6
17. cxd5 Bxf1 18. Rxf1 Rad8 19. dxe6 Rxd4 20. Qxd4 Qxg2 21. exf7+ Rxf7 22. Qe5
Qg6 23. e4 Nd7 24. Qd5 Kh7 25. f3 Nc5 26. Qc4 Qh5 27. Qe2 Ne6 {Georgiev,K 
(2665)-Safarli,E (2524)/Plovdiv BUL 2008; with good compensation for the pawn.}
) 11. Bf4 $5 {A complete novelty! White usually conducts his own plan -
transfer of the knight to c3.} (11. Qc2 Ba6 (11... cxd4 12. Nxd4 Ba6 13. Bxf6
Nxf6 14. Qa4 Qc8 15. Be2 Bb7 16. O-O Rd8 17. b4 a5 18. Qb3 axb4 19. axb4 d5 20.
Rc1 dxc4 21. Bxc4 Qb8 22. b5 Ne4 23. Qc2 Nc5 24. Nc6 Bxc6 25. bxc6 Qc7 26. Be2
e5 27. Bf3 {Laznicka,V (2681)-So,W (2667)/New Delhi 2011. The pawn on c6 will
create huge problems to Black.}) 12. Nc3 Rac8 (12... cxd4 13. Rxd4 d5 (13... h6
14. Bxf6 Nxf6 15. Qa4 Bb7 16. Nb5 Qe7 17. Nxd6 Rfd8 18. Qd1 e5 19. Rd2 Ne4 20.
Nxe4 Bxe4 21. f3 Rxd2 22. Qxd2 Rd8 23. Qc1 Bc6 24. Be2 Qh4+ 25. g3 Qh3 {
Bartel,M (2608)-Moiseenko,A (2646)/Crete GRE 2007. Once more with compensation
for the pawn.}) 14. Bxf6 Nxf6 15. cxd5 Bxf1 16. d6 Qc6 17. Kxf1 Rfd8 18. Qa4
Rxd6 19. Qxc6 Rxc6 20. Ke2 Kf8 21. g4 (21. Rhd1 Ke7 22. f4 Rac8 23. g4 R8c7 24.
g5 Nd7 25. Nb5 Rb7 26. b4 e5 27. Rd5 exf4 28. Nd4 Rc3 29. exf4 {Georgiev,K 
(2654)-Aroshidze,L (2539)/Barbera del Valles ESP 2011; with a serious space
advantage.}) 21... h6 22. h4 Ke7 23. g5 hxg5 24. hxg5 Ne8 25. Rh8 {Laznicka,V 
(2595)-Khairullin,I (2544)/Moscow RUS 2008. White has a slight advantage.}) 13.
Be2 h6 14. Bxf6 Nxf6 15. O-O cxd4 16. Rxd4 e5 17. Rd2 Bxc4 18. Bxc4 Qxc4 19.
Qd1 Rfd8 20. Rxd6 Qc7 21. Rd3 Rxd3 22. Qxd3 Rd8 {Roiz,M (2668)-Alekseev,E 
(2662)/Saratov RUS 2011. Black solved his opening problems more than
successfully.}) 11... e5 ({This is clearly more logical than the alternative} 
11... Bb7 12. dxc5 Ne4 13. Qc2 bxc5 14. f3 e5 15. Bg3 Nxg3 16. Nxg3 e4 $1 17.
f4) 12. dxe5 dxe5 13. Bg3 Ne4 ({White's main problem is the lack of proper
development as the bishop pair can't guarantee a good game.} 13... Bb7 14. f3
Rfd8 15. Qc2 Nf8 16. Nc3) 14. Qc2 f5 15. f3 Nxg3 16. Nxg3 Nf6 $5 {A very
interesting pawn sac, but it was also possible to develop the initiative in a
more direct way:} (16... e4 17. Be2 Ne5) 17. Nxf5 e4 18. Nd6 exf3 19. gxf3 Qe7
20. Qc3 Nh5 21. Be2 Bh3 $6 {Risky.} (21... Rd8 {was better:} 22. Ne4 Bb7 23.
Ng3 Qg5) 22. Rd5 $2 ({White could achieve an advantage after the transfer of
his own king to the safe flank:} 22. f4 Qh4+ 23. Kd2 Qf2 24. Rhe1 Rad8 25. Kc1
Nf6 26. Qe5 $1 Rd7 27. Kb1 Rfd8 28. Ne4) 22... Nf6 23. Nf5 Bxf5 24. Rxf5 Rae8
25. Kf2 $4 ({A terrible mistake, but Black had good compensation for the pawn
after the best} 25. e4 g6 26. Rg1 Nd7 27. Rxf8+ Rxf8 28. Qd2 Ne5) 25... Ne4+ $1
26. fxe4 Qxe4 27. Rf3 Rxf3+ 28. Bxf3 Rf8 0-1

[Event "EU-chT (Men) 12th"]
[Site "Batumi"]
[Date "1999.12.07"]
[Round "9.2"]
[White "Kacheishvili, Giorgi"]
[Black "Milov, Vadim"]
[Result "0-1"]
[WhiteElo "2577"]
[BlackElo "2626"]
[Annotator "Milov,V"]
[PlyCount "42"]
[EventDate "1999.11.06"]
[EventType "team-swiss"]
[EventRounds "9"]
[EventCountry "GEO"]
[SourceTitle "CBM 074"]
[Source "ChessBase"]
[SourceDate "2000.02.01"]
[SourceVersion "1"]
[SourceVersionDate "2000.02.01"]
[SourceQuality "1"]
[WhiteTeam "Georgia"]
[BlackTeam "Switzerland"]
[WhiteTeamCountry "GEO"]
[BlackTeamCountry "SUI"]

1. d4 Nf6 2. c4 e6 3. Nc3 Bb4 4. Qc2 O-O 5. a3 Bxc3+ 6. Qxc3 b6 7. Bg5 Ba6 $5 {
This move has become popular recently mainly thanks to the efforts of Korchnoi
and Rozentalis. Black`s idea is to play d7-d6, Nbd7 and c7-c5 that makes it
sometimes inconvenient for White to protect his c4 -pawn.} 8. e3 d6 9. Qc2 ({
Quite a rare move in this position that first was tried out in the game
Agrest-Korchnoi, Malmo,1996. The alternatives are 9.Nf3 and 9.Bd3. For example:
} 9. Nf3 Nbd7 10. Nd2 Rc8 11. b4 c5 12. dxc5 bxc5 13. Be2 d5 14. b5 Bb7 15. O-O
Qb6 {was O`K for Black in Antonsen-Rozentalis, Koge 1997}) 9... Nbd7 10. Ne2 {
That is the idea behind White`s 9th move. Puting his Knight to c3, White takes
control over square e4 and makes it more difficult for Black to play d6-d5 in
the future} Qc8 $1 {In my opinion, this move, introduced to the tournament
practice by Lev Psakhis is stronger than immediate 10...c5. Black frees
himself from an unpleasant pin.} ({In the above mentioned game Agrest-
Korchnoi was:} 10... c5 11. dxc5 Nxc5 12. Nc3 Rc8 13. Rd1 h6 14. Bxf6 Qxf6 15.
Rxd6 Nb7 {and here} 16. Nd5 $1 ({instead of} 16. Rd7 Rfd8 17. Rxd8+ Qxd8) 16...
Qe5 17. Ne7+ Kh8 18. Nxc8 Nxd6 19. Nxd6 Qxd6 20. Be2 {followed by 0-0 would
have led to the position where Black had no compensation for the pawn.}) 11.
Nc3 {Here we deviated from the game Ekstroem- Psakhis,Elista(ol),1998 where
was played 11. 0-0-0 d5 (11...c5!?) with the complicated battle.} c5 {Now
Black is prepared to take on c5 with the Queen.} 12. O-O-O ({Nothing is
achieved by} 12. d5 exd5 13. cxd5 Bxf1 14. Kxf1 Re8 15. Kg1 h6 16. Bh4 (16. Bf4
Ne5) 16... c4 {where White is the one who has to think about the equality.})
12... cxd4 13. Rxd4 Qc5 14. Bxf6 {Very unambitious move although it is
difficult to suggest anything better. May be 14.h4!? but I do not think that
White stands any better here.} (14. Bh4 $2 {is met by} e5) 14... Nxf6 15. Be2
Rac8 16. Rhd1 $6 {Carelessly played. It was a good time to take the King out
of the c-file.} ({After} 16. Kb1 e5 {White has two options:} 17. Rd2 (17. Rh4
d5 $1 18. b4 $5 (18. Nxd5 Qxd5 19. cxd5 Rxc2 20. Kxc2 Bxe2 $17) (18. cxd5 Bxe2
19. Qxe2 Nxd5 $15 {><Rh4}) 18... Qd6 19. c5 bxc5 20. Bxa6 Qxa6 21. Nxd5 e4 22.
Ne7+ Kh8 23. Nxc8 Rxc8 24. Qb3 (24. Rc1 Qxa3 25. Qc3 Qa4 $19) 24... cxb4 25.
axb4 Rb8 26. Rc1 (26. Rd1 Qe2) 26... Qd6 27. Rc4 a5 $17) 17... Bxc4 $11) 16...
d5 17. cxd5 $2 {Probably the decisive mistake} (17. Qa4 $5 Bxc4 (17... Qa5 18.
Qxa5 bxa5 19. b3 $14) 18. Bxc4 dxc4 19. Qxa7 Ra8 $140 20. Qxa8) 17... Bxe2 18.
Qxe2 Nxd5 $17 19. R1d3 (19. R4d3 Nxc3 (19... Qa5 20. Qd2 b5 21. Kb1) (19... Qc4
20. Qd2 Qh4 21. h3 Nxc3 $15) 20. Rxc3 Qg5 21. f4 Rxc3+ 22. bxc3 Qc5 $17) 19...
Qd6 $3 (19... b5 20. Kb1 b4 21. axb4 (21. Nxd5 Qc1+ 22. Ka2 Rc2 $19) 21... Nxb4
22. Rd2 (22. Rd1 Rb8 23. Qc4 Qf5+) 22... Nc6 (22... Qa5 23. Qb5) (22... a6 $5)
(22... Rb8 23. Qc4 Qa5 24. Rd7 $13) 23. Rc4 Qb6 24. Na4 Qb8 25. Rdc2 $13) 20.
Qh5 (20. h3 Nxc3) (20. Kb1 Nxc3+ 21. Rxc3 Qxh2 22. Rxc8 Rxc8 23. Qc2 Qb8) 20...
Rc5 $1 $19 21. b4 (21. Rh4 h6 22. Kd2 (22. Qg4 Rfc8) 22... Nxc3 23. Rxd6 Rxh5
24. Rxh5 Ne4+ $19) 21... Nxb4 $1 (21... Rcc8 $2 22. Kd2 $14) (21... Nxb4 22.
Qxh7+ (22. axb4 Qxd4 23. Qxc5 Qxd3) 22... Kxh7 23. Rh4+ Kg8 24. Rxd6 Na2+ $19)
0-1